| 000 -CABECERA |
| campo de control de longitud fija |
02129nam a22002417a 4500 |
| 003 - IDENTIFICADOR DEL NÚMERO DE CONTROL |
| campo de control |
OSt |
| 005 - FECHA Y HORA DE LA ÚLTIMA TRANSACCIÓN |
| campo de control |
20250425174946.0 |
| 008 - DATOS DE LONGITUD FIJA--INFORMACIÓN GENERAL |
| campo de control de longitud fija |
250425b ||||| |||| 00| 0 spa d |
| 020 ## - NÚMERO INTERNACIONAL ESTÁNDAR DEL LIBRO |
| Número Internacional Estándar del Libro |
9788445009956 |
| 040 ## - FUENTE DE LA CATALOGACIÓN |
| Centro/agencia transcriptor |
CO-Mq BPB |
| 041 ## - CÓDIGO DE LENGUA |
| Código de lengua del texto/banda sonora o título independiente |
spa |
| 082 ## - NÚMERO DE LA CLASIFICACIÓN DECIMAL DEWEY |
| Número de clasificación |
AN |
| Número de documento/Ítem |
HENg |
| 100 ## - ENTRADA PRINCIPAL--NOMBRE DE PERSONA |
| Nombre de persona |
Hendrix, Grady |
| Término indicativo de función/relación |
autor |
| 245 ## - MENCIÓN DE TÍTULO |
| Título |
Guía Del Club De Lectura Para Matar Vampiros |
| 264 ## - PRODUCCIÓN, PUBLICACIÓN, DISTRIBUCIÓN, FABRICACIÓN Y COPYRIGHT |
| Producción, publicación, distribución, fabricación y copyright |
Barcelona, España; |
| Nombre del de productor, editor, distribuidor, fabricante |
Minotauro, |
| Fecha de producción, publicación, distribución, fabricación o copyright |
2021 |
| 300 ## - DESCRIPCIÓN FÍSICA |
| Extensión |
471 páginas; |
| Otras características físicas |
Tapa rustica |
| Dimensiones |
23 cm |
| 521 ## - NOTA DE PÚBLICO DESTINATARIO |
| Nota de público destinatario |
A Patricia Campbell su existencia nunca le ha parecido tan insignificante. Su marido es un adicto al trabajo, sus hijos adolescentes tienen su propia vida, su suegra senil necesita cuidados constantes, y siente que siempre va un paso por detrás de su interminable lista de cosas por hacer. Lo único que la mantiene viva es su club de lectura, un pequeño grupo de mujeres de Charleston unidas por su amor a las novelas de crímenes reales. En esas reuniones se habla de todo: desde la familia Manson a asuntos de sus propias familias.Una tarde después de la reunión del club, Patricia es salvajemente atacada por una anciana vecina, lo que le llevará a conocer al atractivo sobrino de esta, James Harris. James es un hombre de mundo y muy leído que despertará en Patricia sentimientos que no había tenido en años. Pero cuando al otro lado de la ciudad unos niños empiezan a desaparecer y sus muertes son ignoradas por la policía local, empezará a sospechar que James Harris es más un criminal que una réplica en carne y hueso de Brad Pitt.¿Cuál es el verdadero problema? James es un monstruo de una especie diferente, y Patricia le ha dejado entrar en su vida.Poco a poco, James se irá introduciendo en la vida cotidiana de Patricia tratando de apoderarse de todo lo que considera suyo, incluido su club de lectura. Sin embargo ella no está dispuesta a rendirse sin luchar en esta historia plagada de sangre sobre una relación de buena vecindad transformada en algo siniestro. |
| 650 ## - PUNTO DE ACCESO ADICIONAL DE MATERIA--TÉRMINO DE MATERIA |
| Término de materia o nombre geográfico como elemento de entrada |
Literatura universal |
| 650 ## - PUNTO DE ACCESO ADICIONAL DE MATERIA--TÉRMINO DE MATERIA |
| Término de materia o nombre geográfico como elemento de entrada |
Ficción |
| 650 ## - PUNTO DE ACCESO ADICIONAL DE MATERIA--TÉRMINO DE MATERIA |
| Término de materia o nombre geográfico como elemento de entrada |
Crímenes |
| 700 ## - PUNTO DE ACCESO ADICIONAL--NOMBRE DE PERSONA |
| Nombre de persona |
Pruneda, Paz |
| Término indicativo de función/relación |
traductora |
| 942 ## - ELEMENTOS DE PUNTO DE ACCESO ADICIONAL (KOHA) |
| Fuente del sistema de clasificación o colocación |
|
| Tipo de ítem Koha |
Libro Literatura |